Social structure and organization of Raji tribe of Kumaun (Record no. 20198)

MARC details
000 -LEADER
fixed length control field 00289nam a2200121Ia 4500
082 ## - DEWEY DECIMAL CLASSIFICATION NUMBER
Classification number TB.0075
100 ## - MAIN ENTRY--AUTHOR NAME
Personal name Bisht, Bhagwan Singh
245 #0 - TITLE STATEMENT
Title Social structure and organization of Raji tribe of Kumaun
250 ## - EDITION STATEMENT
Edition statement Kumaun University
260 ## - PUBLICATION, DISTRIBUTION, ETC. (IMPRINT)
Year of publication 1982
300 ## - PHYSICAL DESCRIPTION
Number of Pages 309
942 ## - ADDED ENTRY ELEMENTS (KOHA)
Koha item type Thesis
Source of classification or shelving scheme Dewey Decimal Classification
Holdings
Withdrawn status Lost status Damaged status Not for loan Home library Current library Date acquired Bill Date Full call number Accession Number Price effective from Koha item type
        NASSDOC Library NASSDOC Library 08/10/2004 2004-10-22 TB.0075 18110 18/04/2019 Thesis